000 00742nam a22001815i 4500
001 162861
003 ES-MaACL
005 20250929063237.0
008 050705s1840 fr a |||| | fre d
040 _aCAM
_bspa
_cCAM
100 1 _aRabelais, François,
_dca. 1494-1553
_994857
245 1 0 _aOeuvres de F. Rabelais
_b: précédées d'une notice sur sa vie et ses ouvrages avec glossaire, tables, erotica verba, rabeloesiana, etc.
260 _aParis :
_bAuguste Desdrez, imprimeur-éditeur,
_c1840 (
_fImprimerie de Casimir)
300 _aVII, 677 p., [1] h. de lám. ;
_c26 cm.
599 _aLa h. de lám., grab. calc., retrato del autor.
852 _aES-MaACL
_jG-13772
_z-- Enc. hol., deteriorada
999 _c162861
_d162861